Diario
محفوظ في:
| المؤلفون الرئيسيون: | , |
|---|---|
| مؤلفون آخرون: | |
| التنسيق: | كتاب |
| اللغة: | الإسبانية |
| منشور في: |
Montevideo
Arca
1970
|
| سلاسل: | Colección Sésamo
|
| الموضوعات: | |
| الوسوم: |
إضافة وسم
لا توجد وسوم, كن أول من يضع وسما على هذه التسجيلة!
|
MARC
| LEADER | 00000nam a2200000 a 4500 | ||
|---|---|---|---|
| 001 | UCQ5396 | ||
| 003 | CL-VaPUC | ||
| 008 | 980925e19700000UY |||||||||||||||||spa|d | ||
| 082 | 0 | 4 | |a Ur863.09 |b REY |2 21 |
| 100 | 0 | |a Reyles, Carlos |e author |9 419520 | |
| 700 | |a Martínez Moreno, Carlos |e autor |9 420352 | ||
| 700 | 0 | |a Guillot Muñoz, Gervasio |e author |9 419522 | |
| 245 | 1 | 0 | |a Diario |
| 246 | 1 | 3 | |a La conversación de Carlos Reyles |
| 300 | |a 182 p | ||
| 942 | |c BK | ||
| 945 | |d 19980925 00:00:00 |a crobeson | ||
| 260 | |a Montevideo |b Arca |c 1970 | ||
| 650 | 7 | |a NOVELA URUGUAYA |2 CL-VaPUC |9 313456 | |
| 650 | 0 | |a Literatura uruguaya |9 342815 | |
| 650 | 0 | |a Autobiografías |9 265171 | |
| 583 | |a last modification |c 19980925 00:00:00 |k Rodrigo Vera | ||
| 490 | 0 | |a Colección Sésamo | |
| 999 | |c 275608 |d 275606 | ||
| 952 | |0 0 |1 0 |4 0 |6 UR_863_090000000000000_REY_1970 |7 0 |8 A |9 312386 |a BIBEDU |b BIBEDU |d 2019-11-20 |i 1472216 |o Ur863.09 REY 1970 |p 1472216 |r 2019-11-20 |w 2019-11-20 |y BK |k LIT | ||